00499 2200193 4500001002100000005001500021008004100036020002200077035001900099041000700118082000800125090001400133100002700147245005400174250000900228260003200237300002000269650001600289INLIS00000000000568320241224113139241224||||||||| | ||| |||| || |  a978-979-098-057-0 0010-1224005683 aen0 a306 a306 SYA P0 aSyaiful Bahri Djamarah00aPola Asuh Orang Tua Dan Komunikasi Dalam Keluarga aED.1 aJakartabRineka Ciptac2014 a316HLM,;20,5 CM 0aIlmu Sosial